| 000 | 01060cam a22001934a 4500 | ||
|---|---|---|---|
| 005 | 20250605164333.0 | ||
| 008 | 250528s ||||||||||||||||||||||||d | ||
| 035 | _a23342 | ||
| 020 | _a9600212120 | ||
| 040 |
_aGR-AtMCL _bgre _dGR-AtMCL _eAACR2 |
||
| 245 | 1 | _aLogistics Management | |
| 260 |
_bΠαπαζήση, _c1997 |
||
| 300 | _a280 | ||
| 520 | _aΤο παρόν εγχειρίδιο δίνει τα απαραίτητα εφόδια για την κατανόηση, το σχεδιασμό και την εφαρμογή των σύγχρονων μεθόδων οργάνωσης του Logistics Management.Πρόλογος, Εισαγωγή, Logistics Management, Εξυπηρέτηση Πελατών και Marketing, Αγορές, Έλεγχος/ Management Αποθεμάτων, Αποθήκευση, Εκτέλεση των Παραγγελιών, Σχεδιασμός Νέου Αποθηκευτικού Κέντρου. | ||
| 700 | 1 |
_aΣιφνιώτης Κωνσταντίνος Χ _98912 |
|
| 942 | _cBK | ||
| 999 |
_c8367 _d8367 |
||